Synopsis doctrinae religionis
Krátky prehľad náboženskej náuky prednášanej Ladislavom Mindsentim, lektorom teológie, grófovi Karolovi Esterházimu, žiakovi humanitných tried v r. 1808/1809
| Format: | Manuscript Book |
|---|---|
| Language: | Latin Hungarian |
| PhysicalDescription: | 80 strán rukopis, viazaný 22 cm |
| Published: |
Posonii
1840
|
| Subjects: |
MARC
| LEADER | 00000ntmaa2200000 a 4500 | ||
|---|---|---|---|
| 001 | vtls011616192 | ||
| 003 | SK-MaSNL | ||
| 005 | 20260301140418.0 | ||
| 008 | 230802s1840 xo || 000 1 lat | ||
| 035 | |a urn:nbn:sk:snk-tm00cahk | ||
| 035 | |a urn:nbn:sk:snk-tm3n2bk | ||
| 035 | |a 1159855B-43AB-4D1D-8413-1D789C61844B | ||
| 040 | |a SNKLA |b slo |c SNKLA |e AACR2 | ||
| 041 | 0 | |a lat |a hun | |
| 044 | |a xo |c SK | ||
| 072 | 7 | |a 27-78 |x Kresťanské združenia, spolky a organizácie. Rehoľné rády |2 konspekt | |
| 080 | |a 2 |2 2011 | ||
| 080 | |a (072) |2 2011 | ||
| 080 | |a 025.171 |2 2011 | ||
| 245 | 0 | 0 | |a Synopsis doctrinae religionis |
| 260 | |a Posonii |c 1840 | ||
| 300 | |a 80 strán |b rukopis, viazaný |c 22 cm | ||
| 500 | |a Na prednej doske dole nalepený okrúhly štítok so signatúrou 40 | ||
| 500 | |a Na prednej predsádke a titulnej strane signatúra 4769 s podtrhnutím napísaná atramentovou ceruzou | ||
| 520 | 2 | |a Krátky prehľad náboženskej náuky prednášanej Ladislavom Mindsentim, lektorom teológie, grófovi Karolovi Esterházimu, žiakovi humanitných tried v r. 1808/1809 | |
| 546 | |a Napísané latinsky, čiastočne maďarsky | ||
| 555 | 0 | |a Inventár rukopisov Archívu literatúry a umenia Matice slovenskej. Rukopisy historických knižníc na Slovensku I. Martin: Matica slovenská 1992 | |
| 600 | 1 | 7 | |a Mindsenti, Ladislav, |d 1776-1845 |2 SNKLA |9 345975 |
| 600 | 1 | 7 | |a Esterházi, Karol, |c gróf |2 SNKLA |9 493061 |
| 610 | 2 | 7 | |a Františkáni (Bratislava, Slovensko) |b Mariánska provincia |2 SNKLA |9 50541 |
| 650 | 0 | 7 | |a náboženstvo |2 SNKPH |9 2023 |
| 655 | 7 | |a učebnice |2 SNKPH |9 22521 | |
| 655 | 7 | |a rukopisy |2 SNKPH |9 70548 | |
| 752 | |a Slovensko |d Bratislava | ||
| 852 | |a Slovenská národná knižnica |b Literárny archív | ||
| 958 | |a ZH | ||
| 958 | |a LAVD | ||
| 999 | |c 763575 |d 765505 | ||
| 952 | |a SNKLA |b SNKLA |c SNKLA_DEP |y NEVYP |7 0 |p 17A1225992 |o snkRHKS 597 |0 0 |1 0 |4 0 |d 2017-03-07 |f 1 |l 0 |r 2026-02-24 00:11:33 |w 2026-02-24 | ||


